Score 0/30 Timer 07:00
0 Plays Today
Acronym Meaning % Correct
B.C.Before Christ
85.5%
FAQfrequently asked questions
78.3%
PS (Letter Writing)Post Script
66.3%
PIN (ATM)Personal Identification Number
64.9%
NYSENew York Stock Exchange
62.9%
ATM (Money)Automated Teller Machine
60.1%
MADDMothers Against Drunk Driving
56.3%
DVDDigital Versatile Disc
54.2%
NPRNational Public Radio
50.3%
NATONorth Atlantic Treaty Organization
47.2%
NAACPNational Association for the Advancement of Colored People
45.4%
RAMRandom Access Memory
40.5%
A.D.Anno Domini
39.6%
SCUBAself-contained underwater breathing apparatus
37%
HGHHuman Growth Hormone
36.5%
Acronym Meaning % Correct
PMS (Midol)Premenstrual Syndrome
35.8%
ABS (Cars)Anti-lock Braking System
35%
ROMRead Only Memory
26.5%
ICBMIntercontinental Ballistic Missile
25.5%
AIDSAcquired Immune Deficiency Syndrome
19.6%
OED (Words)Oxford English Dictionary
19.1%
RSVPRépondez S'il Vous Plaît
16.4%
OPECOrganization of the Petroleum Exporting Countries
13.6%
UPC (Shopping)Universal Product Code
13.5%
NASCARNational Association for Stock Car Auto Racing
9.7%
P.M.Post Meridiem
7.6%
A.M.Ante Meridiem
7.3%
ISBN (Amazon.com)International Standard Book Number
6.8%
LASERlight amplification by the stimulated emission of radiation
5.2%
NASDAQNational Association of Securities Dealers Automated Quotations
1.3%
Come Together.
Have Fun.
All Virtual.
We all need to come together. Play Sporcle's virtual live trivia to have fun, connect with people, and get your trivia on. Join a live hosted trivia game for your favorite pub trivia experience done virtually. If a virtual private party is more your thing, go here for details.

You're not logged in!

Compare scores with friends on all Sporcle quizzes.
OR
Log In

Sporcle TV

Today on Sporcle TV


Watch our educational content, quiz creation guides, and fun videos on Sporcle TV.

Show Comments

Extras

Top Quizzes Today


Score Distribution

Paid Content

Your Account Isn't Verified!

In order to create a playlist on Sporcle, you need to verify the email address you used during registration. Go to your Sporcle Settings to finish the process.

Report this User

Report this user for behavior that violates our Community Guidelines.

Details: